000 00405nam a22001577a 4500
005 20260306101943.0
008 260306b |||||||| |||| 00| 0 eng d
020 _a978-1-5287-1598-0
050 _aPS 3513 .I25 G53 2019
_b1
100 _aGIBRAN ,KAHLIL
245 _aTHE EARTH GODS
260 _aBRITISH
_bREAD BOOKS LIMITED
_c2019
300 _a28P;ILL
650 _aTHE EARTH GODS
942 _2lcc
_cBK
999 _c216796
_d216796